Children fostered by Cathy Glass - Statistics

General Stats
  • This quiz has been taken 46 times
    43 since last reset
  • The average score is 16 of 32
Answer Stats
Hint Answer % Correct
D Danny
100%
L Lucy
100%
A Alice
75%
A Anna
75%
D Dawn
75%
J Jackson
75%
J Jodie
75%
O Oskar
75%
A Aimee
50%
A Alex
50%
B Bethany
50%
D Darcie
50%
D Donna
50%
M Max
50%
M Melody
50%
M Michael
50%
M Molly
50%
P Polly
50%
S Steven
50%
T Tayo
50%
T Tilly
50%
A Angie
25%
A Arthur
25%
D Damien
25%
J Jamey
25%
J Jayden
25%
J Joss
25%
K Kit
25%
L Lola
25%
R Reece
25%
T Tyler
25%
Z Zeena
25%
No matching quizzes found
Score Distribution
Percent of People with Each Score
Percentile by Number Answered
Your Score History
You have not taken this quiz since the last reset